Tolley's Professional Negligence (Record no. 118540)
[ view plain ]
| 000 -LEADER | |
|---|---|
| fixed length control field | 00554cas a22002055a 4500 |
| 001 - CONTROL NUMBER | |
| control field | L189 |
| 008 - FIXED-LENGTH DATA ELEMENTS--GENERAL INFORMATION | |
| fixed length control field | 070717c1991 xxkqr p 0 a0eng |
| 022 1# - INTERNATIONAL STANDARD SERIAL NUMBER | |
| International Standard Serial Number | 0267-078X |
| 035 ## - SYSTEM CONTROL NUMBER | |
| System control number | (Sirsi) u98827 |
| 041 0# - LANGUAGE CODE | |
| Language code of text/sound track or separate title | eng |
| 245 00 - TITLE STATEMENT | |
| Title | Tolley's Professional Negligence |
| 260 ## - PUBLICATION, DISTRIBUTION, ETC. | |
| Place of publication, distribution, etc. | London |
| Name of publisher, distributor, etc. | Reed Elsevier (UK) |
| Date of publication, distribution, etc. | 1991- |
| 362 0# - DATES OF PUBLICATION AND/OR SEQUENTIAL DESIGNATION | |
| Dates of publication and/or sequential designation | 15(4) 2000-19(1) 2003 |
| 520 ## - SUMMARY, ETC. | |
| Summary, etc. | Kept for five years |
| 554 ## - | |
| -- | Four per year |
| 651 #4 - SUBJECT ADDED ENTRY--GEOGRAPHIC NAME | |
| Geographic name | United Kingdom |
| Chronological subdivision | |
| 690 ## - LOCAL SUBJECT ADDED ENTRY--TOPICAL TERM (OCLC, RLIN) | |
| Topical term or geographic name as entry element | MANAGEMENT-BUSINESS MANAGEMENT-PROFESSIONAL PRACTICE |
| 942 ## - ADDED ENTRY ELEMENTS (KOHA) | |
| Suppress in OPAC | 0 |
| 948 ## - LOCAL PROCESSING INFORMATION (OCLC); SERIES PART DESIGNATOR (RLIN) | |
| c (OCLC) | 18/07/1994 |
| Withdrawn status | Lost status | Source of classification or shelving scheme | Damaged status | Not for loan | Home library | Current library | Shelving location | Date acquired | Total Checkouts | Full call number | Barcode | Date last seen | Price effective from | Koha item type |
|---|---|---|---|---|---|---|---|---|---|---|---|---|---|---|
| Dewey Decimal Classification | London | London | Gallery | 17/07/2007 | TOLLEY'S PROFESSIONAL NEGLIGENCE | 98827-1001 | 06/08/2019 | 06/08/2019 | Journal |